000 01086nam a2200277 i 4500
003 EG-GICUC
005 20260121101218.0
008 251113s1995 EG ||||fr|||| 000 0 ara d
040 _a EG-GICUC
_bara
_c EG-GICUC
_d EG-GICUC
_erda
082 0 4 _221
_a341.6
_bع ب . ز
092 0 4 _221
099 _alaw1 11 341.6 1995 ع ب . ز
100 0 _aمحارب ، عبد الله حمد
_eAuthor.
245 _aزيارة لبية العنكبوت :
_bنقض لبنيان كتاب هيكل حرب الخليج .. أوهام القوة والنصر
_cعبد الله حمد محارب
264 _aالكويت :
_bمركز البحوث والدراسات الكويتية ،
_c2000.
300 _a155 صفحة :
_c24 سم
336 _2rda content
_atext
337 _2rda media
_aComputer
338 _2rda carrier
_aOnline Resource
546 _aالنص باللغة العربية
650 1 4 _aالقانون الدولي العام
_2qrmak
651 1 _2qrmak
856 4 0 _uhttps://fll.law.cu.edu.eg/fulltext/bks/B11-04394.pdf
905 _a39
942 _2ddc
_cBK
_e21
_n0
999 _c43090
_d43090